| 000 | 00810nam a2200193 i 4500 | ||
|---|---|---|---|
| 001 | 84425 | ||
| 003 | ES-MaACL | ||
| 005 | 20250531063028.0 | ||
| 007 | t| | ||
| 008 | 041122q1950 zzz ||||1| spa d | ||
| 100 | 1 |
_aJiménez de Gregorio, Fernando, _d1911-2012 _966505 |
|
| 245 | 1 | 0 |
_aAportación a la Historia política de la guerra por la independencia de 1808 _b: respuesta de Córdoba a la Junta Suprema Central / _cpor Fernando Jiménez de Gregorio. |
| 260 |
_a[S.l. : _bs.n., _c1950?] |
||
| 300 |
_a6 h. ; _c25 cm. |
||
| 500 | _aEs separata de: Nº 56 del Boletín de la Real Academía de Ciencias, Bellas Letras y Nobles Artes de Córdoba. | ||
| 651 | 4 |
_aEspaña- _xHistoria- _y1808-1814, Guerra de la Independencia _98244 |
|
| 852 |
_aES-MaACL _j1917-F-9 _bR.30832 |
||
| 999 |
_c84425 _d84425 |
||